00361nam a22001337a 450000500170000000800410001704100120005808200120007010000120008224500310009426000460012530000310017165000250020220240801094259.0240801b |||||||| |||| 00| 0 eng d aEnglish a349 SOU lEnglish aSouth African Law Reports  aCape Town: bJuta and Company Ltd, c1928 bxiii, 469 pages; c25 cm.  aLegal practice bLaw